| 000 | 00408nam a22001697a 4500 | ||
|---|---|---|---|
| 005 | 20250619110915.0 | ||
| 008 | 250507b |||||||| |||| 00| 0 eng d | ||
| 020 | _a9780143469520 | ||
| 040 | _cSDCL | ||
| 041 | _aeng | ||
| 084 | _aO-,3RIT R4 LR | ||
| 100 |
_aSingh, Rithvik _9754883 |
||
| 245 | _aWarmth | ||
| 260 |
_aGurugram : _bPenguin Random House, _c2024. |
||
| 300 | _a180p | ||
| 942 |
_2CC _cGB |
||
| 999 |
_c1312944 _d1312944 |
||